Statistics for Top 10 European Countries with the Most Precipitation

Click here to take the quiz!

General Stats

  • This quiz has been taken 60 times
  • The average score is 7 of 10

Answer Stats

PrecipitationCountry% Correct
121.6 cmIreland
95%
119.4 cmNorway
95%
123.0 cmUnited Kingdom
95%
116.2 cmIceland
78%
110.6 cmAustria
71%
120.1 cmSwitzerland
71%
120.9 cmSlovenia
64%
114.5 cmCroatia
60%
134.8 cmMontenegro
60%
111.5 cmAlbania
50%

Score Distribution

Percentile by Number Answered

Percent of People with Each Score

Your Score History

You have not taken this quiz